000 00588nam a22002177a 4500
003 UA-OsUOA
001 100973
007 ta
008 20130603b un ||||| |||| 00| 0 ukr d
090 _a821.512.164
942 _cBK
040 _aUA-OsUOA
_brus
_cUA-OsUOA
_dUA-OsUOA
245 _aШасенем и Гариб
_bнародный роман
_cРед. Рабинина А.
300 _a173 с.
955 _a3
041 _arus
080 _a821.512.164
260 _aМ.
_c1946
650 7 _a82 Література. Літературознавство
_2UDC
999 _c386916
_d386916